Представление документа в формате RUSMARC

ПолеНазваниеЗначение
  Тип записи a
  Библиографический уровень a
001 Контрольный номер RU/CBS_Ul/BASE/448367815
005 Дата корректировки 20240209175136.9
100 Данные общей обработки __
a Данные общей обработки 20140317d2014 ||| 0rusy0189 ca
101 Язык документа 0_
a Язык текста rus
102 Страна публикации __
a Страна публикации RU
105 Кодированные данные (монография) __
a Кодированные данные (монография) y###||||000|y
200 Заглавие и сведения об ответственности 1_
a Заглавие Самое высокое дерево
b Общее обозначение материала Текст
e Сведения, относящиеся к заглавию [секвойя гигантская]
300 Общие примечания __
a Общие примечания Ограничения по возрасту 6+
461 Уровень набора _0
1 2000
a Свирелька
463 Уровень физической единицы _0
1 001RU/CBS_Ul/BASE/448366899
1 2000
a №3
v С. 28
1 210
d 2014
606 Тематические рубрики __
a Основная рубрика Секвойядендрон гигантский
610 Ключевые слова 0_
a Ключевые слова растения
a Ключевые слова секвойя
a Ключевые слова дерево-гигант
a Ключевые слова деревья
a Ключевые слова гигантские секвойя
a Ключевые слова мамонтово дерево
a Ключевые слова секвойядендроны гигантские
686 Индексы других классификаций __
a Классификационный индекс 28.5
2 Код системы ББК
801 Источник записи _0
a Страна RU
b Организация МБУК ЦБС г. Ульяновска
c Дата составления 20140317
g Правила каталогизации RCR
801 Источник записи _1
a Страна RU
b Организация МБУК ЦБС г. Ульяновска
c Дата составления 20140317
g Правила каталогизации RCR
901 Тип документа __
t Тип документа b
w Контрольный № источника RU/CBS_Ul/BASE/448366899
910 Корректоры записи __
a Корректор записи Библиотека 6
938 Служебная информация __
a Имя БД period